MLB Opening Day Lineups 2022 - Statistics

General Stats
  • This quiz has been taken 2,103 times
    2,060 since last reset
  • The average score is 95 of 270
Answer Stats
Team Order Pos. Player % Correct
Blue Jays 3 1B Vladimir Guerrero Jr.
83%
Blue Jays 2 SS Bo Bichette
82%
Blue Jays 1 CF George Springer
80%
Blue Jays 4 RF Teoscar Hernandez
71%
Yankees 2 RF Aaron Judge
68%
Twins 1 CF Byron Buxton
68%
Twins 2 SS Carlos Correa
67%
Red Sox 1 CF Enrique Hernandez
67%
Angels 2 CF Mike Trout
67%
Braves 2 1B Matt Olson
66%
Angels 1 DH/P Shohei Ohtani
66%
Nationals 1 2B Cesar Hernandez
65%
Blue Jays 7 3B Matt Chapman
65%
Dodgers 2 1B Freddie Freeman
63%
Braves 5 2B Ozzie Albies
63%
Braves 3 3B Austin Riley
62%
Orioles 1 CF Cedric Mullins
62%
Astros 1 2B Jose Altuve
62%
Blue Jays 5 LF Lourdes Gurriel Jr.
62%
Dodgers 1 RF Mookie Betts
62%
Phillies 3 RF Bryce Harper
61%
Dodgers 6 C Will Smith
61%
Blue Jays 6 DH Alejandro Kirk
60%
Yankees 3 1B Anthony Rizzo
60%
Dodgers 4 DH Justin Turner
60%
Athletics 7 3B Kevin Smith
60%
Diamondbacks 5 RF Pavin Smith
60%
Dodgers 3 SS Trea Turner
60%
Mets 3 SS Francisco Lindor
59%
Yankees 4 DH Giancarlo Stanton
59%
Mets 4 1B Pete Alonso
59%
Braves 9 SS Dansby Swanson
58%
Nationals 4 1B Josh Bell
58%
Astros 5 1B Yuli Gurriel
58%
Red Sox 2 3B Rafael Devers
57%
Astros 3 3B Alex Bregman
56%
Diamondbacks 2 2B Ketel Marte
56%
Mets 1 RF Starling Marte
56%
Rays 3 1B Harold Ramirez
55%
Yankees 1 3B Josh Donaldson
55%
Nationals 2 RF Juan Soto
55%
Astros 4 LF Yordan Alvarez
55%
Angels 3 3B Anthony Rendon
54%
Blue Jays 9 2B Cavan Biggio
54%
Guardians 3 3B Jose Ramirez
54%
Phillies 2 C JT Realmuto
53%
Rays 2 SS Wander Franco
53%
Blue Jays 8 C Danny Jansen
52%
White Sox 3 1B Jose Abreu
52%
Red Sox 3 SS Xander Bogaerts
52%
Brewers 3 LF Christian Yelich
51%
Rangers 3 SS Corey Seager
51%
Nationals 7 3B Maikel Franco
51%
Padres 2 3B Manny Machado
51%
Nationals 3 DH Nelson Cruz
51%
Orioles 2 1B Ryan Mountcastle
51%
Pirates 6 RF Cole Tucker
50%
Red Sox 4 DH JD Martinez
50%
Reds 4 1B Joey Votto
50%
Astros 6 RF Kyle Tucker
50%
White Sox 2 CF Luis Robert
50%
Cardinals 4 3B Nolan Arenado
50%
Cardinals 2 1B Paul Goldschmidt
50%
Dodgers 8 CF Cody Bellinger
49%
Phillies 1 LF Kyle Schwarber
49%
Giants 5 SS Brandon Crawford
47%
Pirates 2 CF Bryan Reynolds
47%
Astros 7 SS Jeremy Pena
47%
Mariners 8 SS JP Crawford
47%
Braves 4 LF Marcell Ozuna
47%
Rangers 2 2B Marcus Semien
47%
Pirates 8 C Roberto Perez
47%
Royals 4 C Salvador Perez
47%
Braves 7 C Travis d'Arnaud
47%
Dodgers 7 LF Chris Taylor
46%
Twins 7 DH Gary Sanchez
46%
Marlins 3 CF Jesus Sanchez
46%
Royals 8 CF Michael A. Taylor
46%
Orioles 3 DH Trey Mancini
46%
Cubs 3 C Willson Contreras
46%
Rockies 4 1B CJ Cron
45%
Tigers 3 SS Javier Baez
45%
Dodgers 5 3B Max Muncy
45%
Rays 5 2B Brandon Lowe
44%
Reds 1 2B Jonathan India
44%
Mariners 7 CF Julio Rodriguez
44%
Pirates 3 3B Ke'Bryan Hayes
44%
Tigers 5 DH Miguel Cabrera
44%
White Sox 4 C Yasmani Grandal
44%
Guardians 2 LF Amed Rosario
43%
Braves 1 RF Eddie Rosario
43%
Rays 7 DH Josh Lowe
43%
Red Sox 6 2B Trevor Story
43%
Rangers 6 CF Adolis Garcia
42%
Orioles 5 LF Anthony Santander
42%
Marlins 5 RF Avisail Garcia
42%
Yankees 5 2B DJ LeMahieu
42%
Dodgers 9 2B Gavin Lux
42%
Mets 8 LF Jeff McNeil
42%
Rockies 2 LF Kris Bryant
42%
White Sox 6 SS Leury Garcia
42%
Phillies 4 DH Nick Castellanos
42%
Phillies 5 1B Rhys Hoskins
42%
Yankees 7 CF Aaron Hicks
41%
Rangers 5 1B Nathaniel Lowe
41%
Rays 4 LF Randy Arozarena
41%
Rays 1 3B Yandy Diaz
41%
Rockies 8 C Elias Diaz
40%
Twins 3 2B Jorge Polanco
40%
Cardinals 7 C Yadier Molina
40%
Red Sox 5 LF Alex Verdugo
39%
Royals 2 3B Bobby Witt Jr.
38%
White Sox 5 LF Eloy Jimenez
38%
Twins 5 1B Miguel Sano
38%
Athletics 3 C Sean Murphy
38%
Giants 2 1B Brandon Belt
37%
Yankees 6 LF Joey Gallo
37%
Twins 9 RF Max Kepler
37%
Nationals 8 SS Alcides Escobar
36%
Rockies 1 RF Charlie Blackmon
36%
Mets 5 3B Eduardo Escobar
36%
Cardinals 8 CF Harrison Bader
36%
Padres 3 2B Jake Cronenworth
36%
Angels 6 1B Jared Walsh
36%
Astros 9 C Martin Maldonado
36%
Brewers 2 SS Willy Adames
36%
Cardinals 5 DH Albert Pujols
34%
Orioles 4 RF Austin Hays
34%
Padres 6 1B Eric Hosmer
34%
Mariners 5 3B Eugenio Suarez
34%
Twins 4 3B Gio Urshela
34%
Yankees 9 SS Isiah Kiner-Falefa
34%
Marlins 9 2B Jazz Chisholm Jr.
34%
Marlins 1 LF Jorge Soler
34%
Brewers 1 2B Kolton Wong
34%
Braves 6 CF Adam Duvall
33%
Phillies 7 2B Jean Segura
33%
Rays 9 CF Kevin Kiermaier
33%
Brewers 5 1B Rowdy Tellez
33%
Diamondbacks 4 1B Christian Walker
32%
Orioles 7 SS Jorge Mateo
32%
Astros 2 DH Michael Brantley
32%
Padres 1 C Austin Nola
31%
Red Sox 7 1B Bobby Dalbec
31%
Angels 9 SS David Fletcher
31%
Padres 8 SS Ha-Seong Kim
31%
Mets 9 C James McCann
31%
Mariners 3 LF Jesse Winker
31%
Yankees 8 C Kyle Higashioka
31%
Rays 6 C Mike Zunino
31%
Orioles 6 2B Ramon Urias
31%
Cardinals 9 2B Tommy Edman
31%
Royals 1 RF Whit Merrifield
31%
Red Sox 9 C Christian Vazquez
30%
Mets 2 DH JD Davis
30%
Cubs 6 RF Seiya Suzuki
30%
Mariners 2 1B Ty France
30%
Mariners 1 2B Adam Frazier
29%
Angels 8 RF Brandon Marsh
29%
Red Sox 8 RF Jackie Bradley Jr.
29%
Rangers 4 C Mitch Garver
29%
Guardians 7 RF Steven Kwan
29%
Athletics 1 2B Tony Kemp
29%
Brewers 4 DH Andrew McCutchen
28%
Guardians 5 1B Bobby Bradley
28%
Giants 4 LF Joc Pederson
28%
Royals 3 LF Andrew Benintendi
27%
Phillies 8 3B Bryson Stott
27%
Astros 8 CF Chas McCormick
27%
Pirates 1 DH Daniel Vogelbach
27%
Cubs 4 LF Ian Happ
27%
Marlins 4 DH Jesus Aguilar
27%
Guardians 1 CF Myles Straw
27%
Padres 9 CF Trent Grisham
27%
Cardinals 3 LF Tyler O'Neill
27%
Reds 5 C Tyler Stephenson
27%
Guardians 9 SS Andres Gimenez
26%
Diamondbacks 1 CF Daulton Varsho
26%
Angels 7 C Max Stassi
26%
Marlins 7 SS Miguel Rojas
26%
Marlins 8 C Jacob Stallings
25%
Giants 9 C Joey Bart
25%
Nationals 5 C Keibert Ruiz
25%
Padres 4 DH Luke Voit
25%
Mets 7 CF Mark Canha
25%
Mariners 4 RF Mitch Haniger
25%
Cubs 8 3B Patrick Wisdom
25%
Cardinals 6 SS Paul DeJong
25%
Royals 5 1B Carlos Santana
24%
Cubs 9 SS Nico Hoerner
24%
Cardinals 1 RF Dylan Carlson
23%
Brewers 6 RF Hunter Renfroe
23%
Padres 7 LF Jurickson Profar
23%
Tigers 8 1B Spencer Torkelson
23%
Padres 5 RF Wil Myers
23%
White Sox 1 RF AJ Pollock
22%
Diamondbacks 3 LF David Peralta
22%
Phillies 6 SS Didi Gregorius
22%
Marlins 2 1B Garrett Cooper
22%
Diamondbacks 6 C Carson Kelly
21%
Cubs 7 CF Jason Heyward
21%
Angels 5 LF Jo Adell
21%
Brewers 8 CF Lorenzo Cain
21%
Giants 1 RF Mike Yastrzemski
21%
Nationals 9 CF Victor Robles
21%
Tigers 7 CF Akil Baddoo
20%
White Sox 8 DH Andrew Vaughn
20%
Reds 9 3B Brandon Drury
20%
Athletics 6 SS Elvis Andrus
20%
Cubs 5 1B Frank Schwindel
20%
Guardians 4 DH Franmil Reyes
20%
Nationals 6 LF Lane Thomas
20%
Rockies 5 3B Ryan McMahon
20%
Tigers 2 LF Austin Meadows
19%
Rockies 3 2B Brendan Rodgers
19%
Mariners 9 C Cal Raleigh
19%
White Sox 7 2B Josh Harrison
19%
Cubs 2 2B Nick Madrigal
19%
Reds 3 LF Tommy Pham
19%
Marlins 6 3B Joey Wendle
18%
Tigers 6 2B Jonathan Schoop
18%
Reds 8 SS Kyle Farmer
18%
Rays 8 RF Manuel Margot
18%
Royals 9 2B Nicky Lopez
18%
Brewers 7 C Omar Narvaez
18%
Orioles 8 C Robinson Chirinos
18%
Twins 8 C Ryan Jeffers
18%
Athletics 5 1B Seth Brown
18%
Royals 7 SS Adalberto Mondesi
17%
Athletics 9 CF Cristian Pache
17%
Guardians 8 C Austin Hedges
16%
Rockies 9 SS Jose Iglesias
16%
Pirates 5 SS Kevin Newman
16%
Reds 7 DH Mike Moustakas
16%
Rockies 7 CF Randal Grichuk
16%
Mets 6 2B Robinson Cano
16%
Reds 2 RF Aristides Aquino
15%
Rockies 6 DH Connor Joe
15%
Giants 3 DH Darin Ruf
15%
White Sox 9 3B Jake Burger
15%
Tigers 4 3B Jeimer Candelario
15%
Tigers 1 RF Robbie Grossman
15%
Tigers 9 C Tucker Barnhart
15%
Giants 6 3B Wilmer Flores
15%
Royals 6 DH Hunter Dozier
14%
Mariners 6 DH Jarred Kelenic
14%
Braves 8 DH Alex Dickerson
13%
Rangers 1 LF Brad Miller
13%
Rangers 7 RF Kole Calhoun
13%
Rangers 9 DH Willie Calhoun
13%
Twins 6 LF Alex Kirilloff
12%
Phillies 9 CF Matt Vierling
12%
Reds 6 CF Nick Senzel
12%
Diamondbacks 7 DH Seth Beer
12%
Giants 7 2B Thairo Estrada
11%
Athletics 8 RF Stephen Piscotty
10%
Pirates 7 LF Ben Gamel
9%
Athletics 4 LF Chad Pinder
9%
Diamondbacks 9 SS Geraldo Perdomo
9%
Brewers 9 3B Jace Peterson
9%
Angels 4 2B Matt Duffy
9%
Cubs 1 DH Rafael Ortega
8%
Pirates 4 1B Yoshi Tsutsugo
8%
Orioles 9 3B Kelvin Gutierrez
7%
Pirates 9 2B Hoy Park
6%
Giants 8 CF Steven Duggar
6%
Guardians 6 2B Yu Chang
5%
Rangers 8 3B Andy Ibanez
4%
Athletics 2 DH Billy McKinney
3%
Diamondbacks 8 3B Drew Ellis
3%
No matching quizzes found
Score Distribution
Percent of People with Each Score
Percentile by Number Answered
Your Score History
You have not taken this quiz since the last reset